[Event "4NCL Division 1a"]
[Site "Reading, ENG"]
[Date "2016.11.19"]
[Round "1.24"]
[White "Webb, Laurence E"]
[Black "Redmond, John P"]
[Result "1/2-1/2"]
[WhiteElo "2298"]
[BlackElo "2197"]
[PlyCount "82"]
[EventDate "2016.11.19"]
[WhiteTeam "Blackthorne Russia"]
[BlackTeam "South Wales Dragons"]

1. d4 Nf6 2. c4 e6 3. Nc3 Bb4 4. Bg5 c5 5. d5 exd5 6. cxd5 d6 7. e3 Nbd7 8. Bd3
Ne5 9. Nge2 O-O 10. Bc2 h6 11. Bh4 Ng6 12. Bg3 Nh5 13. O-O a6 14. Bxg6 fxg6 15.
Nf4 Nxg3 16. hxg3 Bxc3 17. bxc3 Qf6 18. Qb3 b5 19. Rad1 Re8 20. Ne6 Bxe6 21.
dxe6 Rxe6 22. Rxd6 c4 23. Rxe6 Qxe6 24. Qb4 Rd8 25. a4 Rd5 26. axb5 axb5 27.
Ra1 Qg4 28. Qb1 Qe2 29. Qxg6 Rd1+ 30. Rxd1 Qxd1+ 31. Kh2 Qd5 32. Qe8+ Kh7 33.
e4 Qd3 34. e5 b4 35. e6 bxc3 36. e7 c2 37. Qf7 Qe4 38. f3 Qxe7 39. Qxe7 c1=Q
40. Qe4+ Kh8 41. Qe8+ Kh7 1/2-1/2

[Event "4NCL Division 1a"]
[Site "Reading, ENG"]
[Date "2016.11.19"]
[Round "1.28"]
[White "Robson, Caroline J"]
[Black "Wilson, Julie"]
[Result "0-1"]
[WhiteElo "1554"]
[BlackElo "1885"]
[PlyCount "64"]
[EventDate "2016.11.19"]
[WhiteTeam "Blackthorne Russia"]
[BlackTeam "South Wales Dragons"]

1. e4 e6 2. d3 d5 3. Nd2 c5 4. g3 Nc6 5. Bg2 Nf6 6. Ngf3 Be7 7. O-O O-O 8. Re1
Qc7 9. e5 Nd7 10. Qe2 b6 11. Nf1 Ba6 12. Bf4 c4 13. h4 cxd3 14. cxd3 Nc5 15.
Red1 Nb4 16. Qd2 Nbxd3 17. N1h2 Ne4 18. Qe2 Ndxf2 19. Qxa6 Nxd1 20. Rxd1 Qc5+
21. Nd4 Qb4 22. Qe2 Bc5 23. Nhf3 Rac8 24. Kh2 Be7 25. h5 Kh8 26. g4 Rc4 27. a3
Qc5 28. g5 Nxg5 29. Nxg5 Rxd4 30. Rxd4 Qxd4 31. Qc2 Bxg5 32. Bxg5 Qxe5+ 0-1

[Event "4NCL Division 1a"]
[Site "Reading, ENG"]
[Date "2016.11.20"]
[Round "2.13"]
[White "Webb, Laurence E"]
[Black "Fodor, Tamas Jr"]
[Result "0-1"]
[WhiteElo "2298"]
[BlackElo "2493"]
[PlyCount "72"]
[EventDate "2016.11.20"]
[WhiteTeam "Blackthorne Russia"]
[BlackTeam "Cheddleton 1"]

1. e4 e5 2. Nf3 Nc6 3. c3 d5 4. Qa4 f6 5. Bb5 Nge7 6. exd5 Qxd5 7. d4 a6 8. Bc4
Qe4+ 9. Be3 Bd7 10. Qd1 O-O-O 11. O-O exd4 12. cxd4 Nb4 13. Nc3 Qc2 14. Qxc2
Nxc2 15. Rac1 Nxe3 16. fxe3 Ng6 17. Kf2 Kb8 18. Bb3 Be7 19. Ne4 b6 20. Rfd1
Rhe8 21. Bf7 Rf8 22. Bc4 Bc8 23. g3 Bb7 24. d5 Rfe8 25. Nd4 Bb4 26. a3 Rxe4 27.
axb4 Ne5 28. Ne6 Rd7 29. b3 Ng4+ 30. Kf3 Rxe6 31. Kxg4 Rxe3 32. Re1 Rxe1 33.
Rxe1 b5 34. Bd3 g6 35. Re6 Rxd5 36. Re8+ Bc8+ 0-1

[Event "4NCL Division 1a"]
[Site "Reading, ENG"]
[Date "2016.11.20"]
[Round "2.42"]
[White "Guthrie, David"]
[Black "Gordon, Stephen J"]
[Result "0-1"]
[WhiteElo "2192"]
[BlackElo "2506"]
[PlyCount "46"]
[EventDate "2016.11.20"]
[WhiteTeam "Kings Head"]
[BlackTeam "3Cs 1"]

1. d4 Nf6 2. c4 e6 3. Nc3 Bb4 4. e3 O-O 5. Nge2 d5 6. a3 Be7 7. cxd5 exd5 8.
Nf4 c6 9. Bd3 Na6 10. O-O Nc7 11. f3 Ne6 12. Nce2 c5 13. Bd2 Qb6 14. Nxe6 fxe6
15. Bc3 cxd4 16. Bxd4 Bc5 17. Bc2 Bd7 18. b4 Bxd4 19. exd4 e5 20. Kh1 e4 21.
Qd2 Bb5 22. Rad1 Qa6 23. Rfe1 e3 0-1

[Event "4NCL Division 1b"]
[Site "Reading, ENG"]
[Date "2016.11.20"]
[Round "2.61"]
[White "Sowray, Peter J"]
[Black "Pardo Simon, David"]
[Result "1/2-1/2"]
[WhiteElo "2310"]
[BlackElo "2478"]
[PlyCount "124"]
[EventDate "2016.11.20"]
[WhiteTeam "Barbican 4NCL 2"]
[BlackTeam "Grantham Sharks 1"]

1. d4 Nf6 2. c4 e6 3. Nc3 Bb4 4. e3 O-O 5. Nge2 c6 6. a3 Ba5 7. Qc2 d5 8. Ng3
Nbd7 9. Be2 Bc7 10. O-O h5 11. e4 h4 12. Nh5 Nxh5 13. Bxh5 dxe4 14. Nxe4 Nf6
15. Bg5 Qxd4 16. Bxf6 gxf6 17. Rad1 Qe5 18. f4 Qf5 19. g4 hxg3 20. hxg3 Kg7 21.
g4 Qh7 22. Rd2 Rh8 23. Rh2 b6 24. Rff2 Kf8 25. Bxf7 Qg7 26. Rxh8+ Qxh8 27. Bg6
Qg7 28. Bh5 f5 29. Ng5 Bxf4 30. Rxf4 Qxg5 31. Qc3 Ke7 32. Qe5 Qf6 33. Rxf5 Qxe5
34. Rxe5 Bd7 35. Kf2 Rf8+ 36. Ke2 Rf4 37. Kd3 Kf6 38. Re4 e5 39. Ke3 Rf1 40.
g5+ Kxg5 41. Rxe5+ Kf6 42. Be2 Rb1 43. Rh5 Rxb2 44. Rh7 Be6 45. Rxa7 Ke5 46. a4
Ra2 47. Rb7 Rxa4 48. Rxb6 Ra3+ 49. Kd2 Ra2+ 50. Ke3 Ra3+ 51. Kd2 Bd7 52. Rb7
Bf5 53. Rb8 Kd4 54. Rd8+ Kc5 55. Rf8 Be6 56. Bd3 Bxc4 57. Bxc4 Kxc4 58. Rf4+
Kb5 59. Kc2 c5 60. Rh4 Rg3 61. Rf4 c4 62. Rf8 Rg2+ 1/2-1/2

[Event "4NCL Division 1c"]
[Site "Telford, ENG"]
[Date "2017.04.30"]
[Round "10.25"]
[White "Guichard, Pauline"]
[Black "Van Kampen, Robin"]
[Result "0-1"]
[WhiteElo "2312"]
[BlackElo "2639"]
[PlyCount "64"]
[EventDate "2017.04.30"]
[WhiteTeam "3Cs 1"]
[BlackTeam "Guildford 1"]

1. Nf3 d5 2. g3 c6 3. Bg2 Bg4 4. d3 Nd7 5. O-O e6 6. Nbd2 Bd6 7. b3 Ne7 8. Bb2
O-O 9. e4 e5 10. h3 Bh5 11. Qe2 Bc7 12. exd5 Nxd5 13. Rfe1 Re8 14. Nc4 b5 15.
Ne3 Ba5 16. Rec1 Nf4 17. Qd1 Nxg2 18. Kxg2 f6 19. a4 b4 20. Nc4 Bc7 21. Qe2 Nc5
22. Qe3 Qd5 23. Ncd2 Bg6 24. d4 Nd7 25. Kh2 Rad8 26. c4 Qf7 27. d5 cxd5 28.
cxd5 Bb6 29. Qe2 Qxd5 30. Nc4 Bd3 31. Nxb6 Nxb6 32. Qe3 Qxb3 0-1

[Event "4NCL Division 1c"]
[Site "Telford, ENG"]
[Date "2017.03.05"]
[Round "8.33"]
[White "Merry, Alan B"]
[Black "Adair, James R"]
[Result "0-1"]
[WhiteElo "2411"]
[BlackElo "2479"]
[PlyCount "86"]
[EventDate "2017.03.05"]
[WhiteTeam "Barbican 4NCL 1"]
[BlackTeam "White Rose 1"]

1. e4 c5 2. Nf3 d6 3. Bb5+ Nd7 4. c3 Ngf6 5. Qe2 a6 6. Ba4 b5 7. Bc2 Bb7 8. d4
e6 9. O-O Be7 10. Re1 O-O 11. Nbd2 Qc7 12. Nf1 cxd4 13. cxd4 Rac8 14. Bd3 e5
15. d5 Nh5 16. Ng3 Nxg3 17. hxg3 Nc5 18. Bb1 f5 19. exf5 Bxd5 20. Be3 Bf6 21.
Rc1 Qf7 22. Bxc5 dxc5 23. Nxe5 Bxe5 24. Qxe5 Rfe8 25. Qf4 Qf6 26. Bd3 c4 27.
Bf1 Qxb2 28. Qd6 Bc6 29. Re1 Qf6 30. Qc5 Be4 31. Qa7 Re7 32. Qe3 Rce8 33. Qa3
Bxf5 34. Rxe7 Rxe7 35. Rd1 h6 36. Rd8+ Kh7 37. Qf3 Re1 38. a4 Bd3 39. Qd5 Rxf1+
40. Kh2 Rxf2 41. axb5 axb5 42. Re8 Qf7 43. Qxb5 Rf5 0-1

[Event "4NCL Division 1d"]
[Site "Telford, ENG"]
[Date "2017.04.30"]
[Round "10.56"]
[White "Ledger, Dave J"]
[Black "Rawlinson, Aidan M"]
[Result "1-0"]
[WhiteElo "2207"]
[BlackElo "2188"]
[PlyCount "79"]
[EventDate "2017.04.30"]
[WhiteTeam "Blackthorne Russia"]
[BlackTeam "Oxford 1"]

1. e4 g6 2. d4 Bg7 3. Nc3 d6 4. f4 a6 5. Nf3 b5 6. e5 Nd7 7. a4 b4 8. Nd5 a5 9.
exd6 cxd6 10. Bb5 Bb7 11. Ne3 Ngf6 12. O-O e6 13. c3 bxc3 14. bxc3 O-O 15. Ba3
Qc7 16. Nc4 Ne4 17. Qd3 Ndf6 18. Rfe1 Rfc8 19. Rac1 Bf8 20. Ncd2 Nxd2 21. Nxd2
d5 22. Bxf8 Kxf8 23. Nf3 Ne4 24. Ne5 f6 25. Nd7+ Kg7 26. Qh3 Qxf4 27. Rf1 Qd2
28. Nb6 Rxc3 29. Rxc3 Nxc3 30. Nxa8 Qxd4+ 31. Kh1 Ne4 32. Nc7 Nf2+ 33. Rxf2
Qxf2 34. Nxe6+ Kf7 35. Nd8+ Kg7 36. Qd7+ Kh8 37. Qe8+ Kg7 38. Qe7+ Kh6 39. Nf7+
Kg7 40. Ne5+ 1-0

[Event "4NCL Division 1d"]
[Site "Telford, ENG"]
[Date "2017.04.30"]
[Round "10.72"]
[White "Cooper, John G"]
[Black "Plueg, Andreas"]
[Result "1/2-1/2"]
[WhiteElo "2256"]
[BlackElo "2300"]
[PlyCount "173"]
[EventDate "2017.04.30"]
[WhiteTeam "South Wales Dragons"]
[BlackTeam "Anglian Avengers 1"]

1. Nf3 d5 2. g3 c6 3. Bg2 Nf6 4. O-O Nbd7 5. d4 e6 6. c4 Bd6 7. Nbd2 O-O 8. Qc2
Re8 9. Rd1 b6 10. e4 Nxe4 11. Nxe4 dxe4 12. Qxe4 Bb7 13. Bf4 Bf8 14. Qc2 h6 15.
a3 Qc8 16. b4 a5 17. Rab1 axb4 18. axb4 Ra7 19. Be3 Qa8 20. Ne5 Nxe5 21. dxe5
c5 22. Bxb7 Rxb7 23. b5 Ra7 24. Qd3 Ra4 25. Rd2 g6 26. h4 Rb8 27. Bf4 Qb7 28.
Qc2 Rba8 29. Rbd1 Qf3 30. Qd3 Qg4 31. Kg2 Ra3 32. Qe4 Kg7 33. Qb7 g5 34. hxg5
hxg5 35. Be3 Kg6 36. Rd8 Rxd8 37. Rxd8 Bg7 38. Qf3 Qxf3+ 39. Kxf3 Bxe5 40. Rg8+
Bg7 41. Ke2 Rc3 42. Bxg5 Rxc4 43. Bd2 Re4+ 44. Kf1 f6 45. Rb8 Rd4 46. Bf4 e5
47. Be3 Rd6 48. g4 Bh6 49. Bxh6 Kxh6 50. Ke2 c4 51. Rc8 Rd5 52. Rxc4 Rxb5 53.
Kf3 Kg5 54. Kg3 Rb3+ 55. f3 b5 56. Rc5 Kg6 57. Kf2 Rb1 58. f4 Rb2+ 59. Kf3 Rb3+
60. Kf2 exf4 61. Rf5 f3 62. Rc5 b4 63. Rb5 Kf7 64. Rb6 Ke7 65. Kg3 Kf7 66. Kf2
Kg6 67. Rb5 Rb1 68. Kxf3 b3 69. Kg2 b2 70. Kh2 Kf7 71. Rb6 Ke7 72. Kg2 Kd7 73.
Rb5 Kc6 74. Rb8 Kc7 75. Rb5 Kc6 76. Rb8 Kd5 77. Rd8+ Ke4 78. Rb8 Ke3 79. Rb3+
Kd2 80. Rb8 Ke3 81. Rb3+ Kf4 82. Rb4+ Kg5 83. Kh2 Re1 84. Rxb2 Re4 85. Kg3
Rxg4+ 86. Kf3 Rh4 87. Kg3 1/2-1/2

[Event "4NCL Division 2a"]
[Site "Reading, ENG"]
[Date "2016.11.19"]
[Round "1.11"]
[White "Moss, Guy"]
[Black "Rudd, Jack"]
[Result "1/2-1/2"]
[WhiteElo "2052"]
[BlackElo "2212"]
[PlyCount "105"]
[EventDate "2016.11.19"]
[WhiteTeam "Barbican 4NCL Youth"]
[BlackTeam "West is Best 1"]

1. e4 e5 2. Nf3 Nc6 3. Bb5 Nf6 4. d3 Bc5 5. O-O Nd4 6. Nxd4 Bxd4 7. c3 Bb6 8.
Nd2 c6 9. Ba4 Qe7 10. h3 d6 11. b4 Bd7 12. Bc2 O-O-O 13. a4 g5 14. Nc4 Bc7 15.
b5 Rdg8 16. bxc6 bxc6 17. d4 g4 18. dxe5 dxe5 19. Ba3 c5 20. h4 g3 21. Ne3 Nxe4
22. Bxe4 Qxh4 23. Bb7+ Kxb7 24. fxg3 Qxa4 25. Qxa4 Bxa4 26. Bxc5 Bb3 27. c4 a5
28. Rfb1 Kc6 29. Rxb3 Kxc5 30. Rb5+ Kc6 31. Nd5 Bd8 32. Raxa5 Bxa5 33. Ne7+ Kd6
34. Nxg8 Rxg8 35. Rxa5 Rxg3 36. c5+ Kc6 37. Ra7 f6 38. Rxh7 Rg6 39. Kf2 Kxc5
40. Rd7 Rg4 41. Kf3 Rd4 42. Rf7 Rf4+ 43. Ke3 Kd5 44. g3 Rf1 45. g4 Ke6 46. Ra7
Rd1 47. Ra6+ Kf7 48. g5 fxg5 49. Ke4 Rf1 50. Kxe5 Kg7 51. Ke4 Kf7 52. Ke3 Rf4
53. Rb6 1/2-1/2

[Event "4NCL Division 2a"]
[Site "Reading, ENG"]
[Date "2016.11.19"]
[Round "1.12"]
[White "Rees, Ioan"]
[Black "Whatley, Stephen A J"]
[Result "1-0"]
[WhiteElo "2274"]
[BlackElo "2121"]
[PlyCount "45"]
[EventDate "2016.11.19"]
[WhiteTeam "West is Best 1"]
[BlackTeam "Barbican 4NCL Youth"]

1. Nf3 f5 2. d3 d6 3. e4 e5 4. Nc3 Nf6 5. Be2 g6 6. Bg5 Be7 7. Qd2 c6 8. h4
Nbd7 9. h5 Nf8 10. hxg6 Nxg6 11. O-O-O b5 12. exf5 Bxf5 13. Nh4 Nxh4 14. Rxh4
Qd7 15. Bf3 O-O-O 16. a4 b4 17. Rxb4 d5 18. Rb3 Be6 19. d4 Rhg8 20. Qe2 Rxg5
21. Qa6+ Kc7 22. Rb7+ Kc8 23. Rxa7+ 1-0

[Event "4NCL Division 2a"]
[Site "Reading, ENG"]
[Date "2016.11.19"]
[Round "1.13"]
[White "Stewart, Ashley"]
[Black "Edgell, Ben P"]
[Result "1-0"]
[WhiteElo "2078"]
[BlackElo "2131"]
[PlyCount "127"]
[EventDate "2016.11.19"]
[WhiteTeam "Barbican 4NCL Youth"]
[BlackTeam "West is Best 1"]

1. c4 e5 2. g3 Nf6 3. Bg2 h6 4. Nc3 Bb4 5. d3 O-O 6. Bd2 c6 7. Nf3 Re8 8. O-O
Bf8 9. e4 Na6 10. Re1 Nc5 11. Qc2 a5 12. Rad1 Ne6 13. h3 Bc5 14. Be3 Bxe3 15.
fxe3 d6 16. Kh2 Ng5 17. Ng1 Be6 18. b3 Qc7 19. Rf1 b5 20. Rf2 b4 21. Na4 c5 22.
Rdf1 Bd7 23. Nb2 Re7 24. Qd1 Nfh7 25. Qh5 f6 26. h4 Be8 27. Qd1 Ne6 28. Bh3
Nef8 29. Rg2 g6 30. Nf3 Bd7 31. Bxd7 Nxd7 32. h5 g5 33. g4 Nhf8 34. Ng1 Ne6 35.
Ne2 Rf8 36. Ng3 Ng7 37. Rgf2 Ref7 38. Nf5 Nxf5 39. Rxf5 Nb6 40. Qc2 Nc8 41. Nd1
Ne7 42. R5f3 Qd7 43. Nf2 Kg7 44. Kh3 a4 45. Nh1 axb3 46. axb3 Ra8 47. Ng3 Ra3
48. Qf2 Qe6 49. Qb2 Rf8 50. d4 Qd7 51. Rd1 Qa7 52. dxe5 dxe5 53. Rd6 Ra2 54.
Qb1 Qa3 55. Re6 Rf7 56. Rxe7 Rxe7 57. Nf5+ Kf7 58. Qd3 Qb2 59. Qd5+ Re6 60.
Qd7+ Kf8 61. Qd8+ Kf7 62. Nxh6+ Kg7 63. Qg8+ Kxh6 64. Qg6# 1-0

[Event "4NCL Division 2a"]
[Site "Reading, ENG"]
[Date "2016.11.19"]
[Round "1.14"]
[White "Stephens, John KF"]
[Black "Harari, Zaki"]
[Result "1/2-1/2"]
[WhiteElo "2140"]
[BlackElo "2094"]
[PlyCount "87"]
[EventDate "2016.11.19"]
[WhiteTeam "West is Best 1"]
[BlackTeam "Barbican 4NCL Youth"]

1. e4 e5 2. Nf3 Nc6 3. Bb5 a6 4. Ba4 Nf6 5. O-O Be7 6. d3 b5 7. Bb3 d6 8. c3
O-O 9. Re1 Na5 10. Bc2 c5 11. Nbd2 Re8 12. Nf1 h6 13. Ng3 Bf8 14. d4 Qc7 15. h3
g6 16. Bd3 Bg7 17. d5 c4 18. Bc2 Nb7 19. Be3 Nc5 20. Qd2 Kh7 21. b4 cxb3 22.
axb3 Bd7 23. Rec1 Rec8 24. Ne1 a5 25. f3 Be8 26. Ne2 Nfd7 27. b4 Nb7 28. Bd3
Nb6 29. Nc2 Nc4 30. Bxc4 Qxc4 31. Bb6 axb4 32. cxb4 Ra2 33. Rxa2 Qxa2 34. Nc3
Qb2 35. Nd1 Qa2 36. Nc3 Qb3 37. Ne2 Qb2 38. Be3 Rc4 39. Ne1 Rxb4 40. Rc2 Qb1
41. Rc1 Qb2 42. Rc2 Qb1 43. Rc1 Qb2 44. Rc2 1/2-1/2

[Event "4NCL Division 2a"]
[Site "Reading, ENG"]
[Date "2016.11.19"]
[Round "1.15"]
[White "Klingher, Dominic"]
[Black "Stewart, Joseph J"]
[Result "1-0"]
[WhiteElo "2027"]
[BlackElo "2150"]
[PlyCount "107"]
[EventDate "2016.11.19"]
[WhiteTeam "Barbican 4NCL Youth"]
[BlackTeam "West is Best 1"]

1. d3 d5 2. Nf3 Nf6 3. Nbd2 Nc6 4. c4 e5 5. g3 dxc4 6. Nxc4 e4 7. Ng5 exd3 8.
Bg2 h6 9. Nf3 Bb4+ 10. Bd2 O-O 11. e3 Be6 12. Rc1 Bxd2+ 13. Nfxd2 Bd5 14. O-O
Bxg2 15. Kxg2 Qd5+ 16. Qf3 Qxf3+ 17. Nxf3 Rfe8 18. Rfd1 Rad8 19. Rc3 Nd5 20.
Rcxd3 Ndb4 21. Rxd8 Rxd8 22. Rxd8+ Nxd8 23. a3 Nd3 24. b4 c5 25. b5 Nc1 26.
Nfd2 f6 27. f4 Kf7 28. Kf2 Ke6 29. e4 Nf7 30. Ke3 b6 31. a4 Na2 32. Kd3 Nb4+
33. Kc3 g6 34. a5 bxa5 35. Nb3 Na2+ 36. Kb2 Nb4 37. Nxc5+ Ke7 38. Kb3 Nd6 39.
Nxa5 Nxb5 40. Kxb4 Nd4 41. Nd3 Nf3 42. h4 Nd4 43. Kc4 Ne2 44. g4 Ng1 45. Nc6+
Kf7 46. Nxa7 Nf3 47. h5 gxh5 48. gxh5 Ng1 49. Kd5 Ke7 50. e5 fxe5 51. fxe5 Nf3
52. e6 Kf6 53. Nf4 Ng5 54. Nc8 1-0

[Event "4NCL Division 2a"]
[Site "Reading, ENG"]
[Date "2016.11.19"]
[Round "1.16"]
[White "Littlejohns, David P"]
[Black "Portman, Carl S"]
[Result "1/2-1/2"]
[WhiteElo "2006"]
[BlackElo "1887"]
[PlyCount "70"]
[EventDate "2016.11.19"]
[WhiteTeam "West is Best 1"]
[BlackTeam "Barbican 4NCL Youth"]

1. e4 e6 2. d4 d5 3. exd5 exd5 4. Nf3 Bd6 5. Bd3 Ne7 6. O-O Bg4 7. c3 c6 8. Bg5
f6 9. Bh4 Qc7 10. Bg3 Nd7 11. Bxd6 Qxd6 12. Nbd2 O-O-O 13. Qc2 Bh5 14. b4 Bg6
15. a4 Bxd3 16. Qxd3 g5 17. Nb3 Qf4 18. Nc5 Nxc5 19. dxc5 Nf5 20. Rfe1 g4 21.
Nd4 Nxd4 22. cxd4 Rde8 23. g3 Qg5 24. Re2 Qg6 25. Rxe8+ Rxe8 26. Qc3 Re2 27. b5
Qc2 28. Qxc2 Rxc2 29. bxc6 bxc6 30. Re1 Rc4 31. Re6 Rc1+ 32. Kg2 Kb7 33. Re7+
Kb8 34. Re8+ Kb7 35. Re7+ Kb8 1/2-1/2

[Event "4NCL Division 2a"]
[Site "Reading, ENG"]
[Date "2016.11.19"]
[Round "1.17"]
[White "Golding, William"]
[Black "Homer, Stephen J"]
[Result "0-1"]
[WhiteElo "1429"]
[BlackElo "2005"]
[PlyCount "96"]
[EventDate "2016.11.19"]
[WhiteTeam "Barbican 4NCL Youth"]
[BlackTeam "West is Best 1"]

1. d4 Nf6 2. Bf4 e6 3. Nf3 c5 4. c3 Nc6 5. e3 d5 6. h3 Bd6 7. Bxd6 Qxd6 8. Bd3
b6 9. Nbd2 Bb7 10. O-O O-O 11. Re1 e5 12. e4 cxd4 13. cxd4 Rfe8 14. exd5 Nxd4
15. Nc4 Qxd5 16. Rxe5 Nxf3+ 17. Qxf3 Qxf3 18. gxf3 Bxf3 19. Rae1 Rxe5 20. Rxe5
Re8 21. Rxe8+ Nxe8 22. Kh2 Bd5 23. a3 f6 24. Ne3 Be6 25. Nf5 Kf7 26. Nd4 Bd5
27. f4 g6 28. Kg3 Nd6 29. h4 Be4 30. Bb5 Nf5+ 31. Nxf5 Bxf5 32. Kf3 Ke7 33. Ke3
Kd6 34. Kd4 h6 35. Bf1 g5 36. hxg5 fxg5 37. fxg5 hxg5 38. Bg2 Bd7 39. b4 g4 40.
Bf1 Bc6 41. b5 Bd5 42. Be2 Bf3 43. Bf1 g3 44. a4 g2 45. Bxg2 Bxg2 46. a5 Bf1
47. axb6 axb6 48. Kc3 Kc5 0-1

[Event "4NCL Division 2a"]
[Site "Reading, ENG"]
[Date "2016.11.19"]
[Round "1.18"]
[White "Howell, Oliver W"]
[Black "Klingher, Bernard"]
[Result "1-0"]
[WhiteElo "1562"]
[BlackElo "1368"]
[PlyCount "81"]
[EventDate "2016.11.19"]
[WhiteTeam "West is Best 1"]
[BlackTeam "Barbican 4NCL Youth"]

1. Nf3 e6 2. c4 Nf6 3. g3 c6 4. Bg2 d5 5. cxd5 exd5 6. O-O Bd6 7. Qb3 O-O 8. d3
Qb6 9. Qxb6 axb6 10. Nc3 Re8 11. Re1 b5 12. b3 Bf5 13. e4 dxe4 14. Nh4 Bb4 15.
Bb2 Bg6 16. Nxg6 fxg6 17. dxe4 Na6 18. a3 Bc5 19. b4 Bb6 20. e5 Ng4 21. Ne4
Nxe5 22. Nd6 Bxf2+ 23. Kxf2 Nd3+ 24. Kf1 Rxe1+ 25. Rxe1 Nxe1 26. Kxe1 Nc7 27.
Nxb7 Re8+ 28. Kd2 Nd5 29. Nd6 Rf8 30. Ke2 h5 31. Bxd5+ cxd5 32. Nxb5 Rc8 33.
Nd4 Re8+ 34. Kd3 Re4 35. b5 h4 36. b6 hxg3 37. hxg3 Re7 38. a4 Rf7 39. a5 Rb7
40. Ne6 Kf7 41. Nd8+ 1-0

[Event "4NCL Division 2a"]
[Site "Reading, ENG"]
[Date "2016.11.19"]
[Round "1.21"]
[White "Webb, Richard M"]
[Black "Buckley, David E"]
[Result "0-1"]
[WhiteElo "2252"]
[BlackElo "2287"]
[PlyCount "68"]
[EventDate "2016.11.19"]
[WhiteTeam "CSC Dragons"]
[BlackTeam "Downend & Fishponds"]

1. e4 c5 2. d4 cxd4 3. c3 dxc3 4. Nxc3 Nc6 5. Nf3 d6 6. Bc4 a6 7. O-O Nf6 8.
Bf4 Bg4 9. h3 Bxf3 10. Qxf3 Ne5 11. Bxe5 dxe5 12. Rfd1 Qb8 13. Rac1 e6 14. Bb5+
axb5 15. Nxb5 Be7 16. Nc7+ Kf8 17. Nxa8 Qxa8 18. Qc3 g6 19. Qxe5 Rg8 20. Rc7 b6
21. f3 Ne8 22. Rcd7 Qxa2 23. Rb7 Qc4 24. Rdd7 Qc5+ 25. Qxc5 Bxc5+ 26. Kf1 Nd6
27. Rbc7 Kg7 28. e5 Nf5 29. Rxf7+ Kh6 30. f4 g5 31. g4 Ne3+ 32. Ke2 gxf4 33.
Rxf4 Nd5 34. g5+ Kg6 0-1

[Event "4NCL Division 2a"]
[Site "Reading, ENG"]
[Date "2016.11.19"]
[Round "1.22"]
[White "Russell, Christopher"]
[Black "Frostick, Clive A"]
[Result "1/2-1/2"]
[WhiteElo "2123"]
[BlackElo "2176"]
[PlyCount "62"]
[EventDate "2016.11.19"]
[WhiteTeam "Downend & Fishponds"]
[BlackTeam "CSC Dragons"]

1. e4 c5 2. c3 d5 3. exd5 Qxd5 4. Nf3 Nc6 5. d4 e6 6. Na3 Qd8 7. Nc2 Nf6 8. Bd3
Be7 9. O-O O-O 10. Qe2 cxd4 11. Ncxd4 Nxd4 12. Nxd4 Bd7 13. Re1 Re8 14. Bg5 Nd5
15. Bd2 Bf6 16. Rad1 Qb6 17. Bc1 Ba4 18. Nc2 Bc6 19. c4 Ne7 20. b4 Ba4 21. Qe4
g6 22. Be3 Qc7 23. Bf4 e5 24. Bxe5 Qxe5 25. Qxe5 Bxe5 26. Rxe5 Nc6 27. Ree1
Rxe1+ 28. Rxe1 Bxc2 29. Bxc2 Nxb4 30. Bb3 Kf8 31. Rd1 Na6 1/2-1/2

[Event "4NCL Division 2a"]
[Site "Reading, ENG"]
[Date "2016.11.19"]
[Round "1.23"]
[White "Thompson, Ian D"]
[Black "Makepeace, Philip J"]
[Result "1/2-1/2"]
[WhiteElo "2166"]
[BlackElo "2086"]
[PlyCount "69"]
[EventDate "2016.11.19"]
[WhiteTeam "CSC Dragons"]
[BlackTeam "Downend & Fishponds"]

1. c4 e6 2. Nc3 d5 3. d4 Be7 4. cxd5 exd5 5. Bf4 c6 6. e3 Bf5 7. g4 Bg6 8. h4
Bxh4 9. Qb3 b6 10. Nf3 Bf6 11. Be2 Nd7 12. Rc1 b5 13. Kf1 a6 14. a4 Be7 15.
axb5 axb5 16. Ne5 Nxe5 17. Bxe5 f6 18. Bg3 Bd6 19. f4 Ne7 20. Bf2 O-O 21. Kg2
Qd7 22. Bf3 h6 23. f5 Bf7 24. Qc2 Rfb8 25. Ne2 b4 26. Ra1 Qb7 27. Rxa8 Rxa8 28.
Nc1 Ra1 29. Nb3 Rxh1 30. Kxh1 Qa6 31. Kg2 Qa4 32. Bd1 Qa7 33. Bf3 Qa4 34. Bd1
Qa7 35. Bf3 1/2-1/2

[Event "4NCL Division 2a"]
[Site "Reading, ENG"]
[Date "2016.11.19"]
[Round "1.24"]
[White "Fry, Charles A"]
[Black "Coates, Kenneth G"]
[Result "0-1"]
[WhiteElo "2092"]
[BlackElo "2127"]
[PlyCount "156"]
[EventDate "2016.11.19"]
[WhiteTeam "Downend & Fishponds"]
[BlackTeam "CSC Dragons"]

1. e4 d5 2. exd5 Qxd5 3. Nc3 Qd6 4. d4 Nf6 5. Nf3 Bg4 6. h3 Bh5 7. g4 Bg6 8.
Ne5 Nbd7 9. Nb5 Qb6 10. Nc4 Qe6+ 11. Qe2 Qxe2+ 12. Bxe2 O-O-O 13. Nxa7+ Kb8 14.
Nb5 Bxc2 15. Bf4 Nd5 16. Bg3 Ba4 17. Nc3 Bc6 18. Na5 e6 19. Nxc6+ bxc6 20. O-O
Bd6 21. Ne4 Bf4 22. Bf3 f6 23. Bxf4 Nxf4 24. Rac1 e5 25. dxe5 Nxe5 26. Rc3 Rhe8
27. Rb3+ Kc8 28. Nc5 Nfd3 29. Nxd3 Nxf3+ 30. Kg2 Nd2 31. Ra3 Nxf1 32. Nc5 Kb8
33. Kxf1 Rd2 34. Rb3+ Kc8 35. a4 Re5 36. Nd3 Rd5 37. Nb4 R5d4 38. a5 c5 39. Nc6
Ra4 40. Rb8+ Kd7 41. Rd8+ Kxc6 42. Rxd2 Rxa5 43. Ke2 Ra1 44. Kf3 Rc1 45. Kf4 c4
46. h4 c3 47. bxc3 Rxc3 48. Kf5 Rf3+ 49. Ke4 Rh3 50. h5 g6 51. Rc2+ Kd6 52.
hxg6 hxg6 53. Rd2+ Ke6 54. Rc2 Kd7 55. Rd2+ Kc8 56. Ra2 Rb3 57. Kd5 Kd7 58. Rd2
Rb6 59. Ke4+ Rd6 60. Ra2 c5 61. f3 g5 62. Kf5 Kc6 63. Ra6+ Kd5 64. Ra1 c4 65.
f4 gxf4 66. Kxf4 c3 67. Ke3 Kc4 68. Ra8 Re6+ 69. Kf4 Kd3 70. Rd8+ Kc2 71. Kf5
Rc6 72. Ke4 Rc4+ 73. Kf5 Kb3 74. Rb8+ Rb4 75. Rh8 c2 76. Rh1 Kb2 77. Kxf6 Rxg4
78. Kf5 Rg2 0-1

[Event "4NCL Division 2a"]
[Site "Reading, ENG"]
[Date "2016.11.19"]
[Round "1.25"]
[White "Fegan, Chris"]
[Black "Humphreys, Jerry G"]
[Result "0-1"]
[WhiteElo "2090"]
[BlackElo "2020"]
[PlyCount "84"]
[EventDate "2016.11.19"]
[WhiteTeam "CSC Dragons"]
[BlackTeam "Downend & Fishponds"]

1. e4 c5 2. a3 d6 3. b4 Nf6 4. Nc3 e6 5. Nf3 Be7 6. g3 b6 7. d4 cxd4 8. Nxd4
O-O 9. Bg2 Bb7 10. O-O Qd7 11. Bb2 Nc6 12. f4 Rfd8 13. e5 Ne8 14. f5 Nxd4 15.
Qxd4 Bxg2 16. Kxg2 exf5 17. Rad1 Rac8 18. Rf2 Qe6 19. Nd5 dxe5 20. Qxe5 Bd6 21.
Qd4 Qe4+ 22. Qxe4 fxe4 23. Re1 Kf8 24. Ne3 Be7 25. Ng4 h5 26. Ref1 Kg8 27. Ne3
Bf6 28. Bxf6 Nxf6 29. Nf5 Rd7 30. Kg1 Ng4 31. Re2 g6 32. Nh4 Re7 33. Rfe1 Rc4
34. Kg2 Kg7 35. h3 Nf6 36. Rd1 Rd7 37. Rde1 Rdc7 38. g4 Rxc2 39. g5 Nd5 40. Kf1
Rxe2 41. Rxe2 e3 42. Ng2 Rc3 0-1

[Event "4NCL Division 2a"]
[Site "Reading, ENG"]
[Date "2016.11.19"]
[Round "1.26"]
[White "French, Max"]
[Black "Scrimgour, Alan"]
[Result "1-0"]
[WhiteElo "1984"]
[BlackElo "2078"]
[PlyCount "63"]
[EventDate "2016.11.19"]
[WhiteTeam "Downend & Fishponds"]
[BlackTeam "CSC Dragons"]

1. d4 Nf6 2. c4 e6 3. Nf3 b6 4. g3 Ba6 5. b3 Bb4+ 6. Bd2 Be7 7. Bg2 d5 8. Bc3
Ne4 9. cxd5 exd5 10. Ne5 O-O 11. O-O Bf6 12. Bb2 Bb7 13. Ng4 Nd7 14. Nxf6+
Ndxf6 15. Na3 Re8 16. Nc2 a5 17. Rc1 Qd7 18. Ne1 a4 19. Nd3 a3 20. Bc3 Nxc3 21.
Rxc3 Ne4 22. Bxe4 dxe4 23. Ne5 Qe7 24. Qc1 c5 25. e3 Ba6 26. Rd1 Rad8 27. Nc6
Qd7 28. Nxd8 Qh3 29. dxc5 Be2 30. Rd2 Re5 31. Rxe2 Rh5 32. f4 1-0

[Event "4NCL Division 2a"]
[Site "Reading, ENG"]
[Date "2016.11.19"]
[Round "1.27"]
[White "Ismailov, Roman"]
[Black "Young, Daniel J"]
[Result "0-1"]
[WhiteElo "2065"]
[BlackElo "1952"]
[PlyCount "72"]
[EventDate "2016.11.19"]
[WhiteTeam "CSC Dragons"]
[BlackTeam "Downend & Fishponds"]

1. d4 d5 2. Nf3 Nf6 3. e3 c5 4. b3 cxd4 5. exd4 Nc6 6. Bb2 g6 7. a3 Bg7 8. Bd3
O-O 9. O-O Nh5 10. Re1 Bg4 11. Be2 Nf4 12. Nbd2 e5 13. h3 Bxf3 14. Nxf3 e4 15.
Nh2 Qg5 16. Bg4 f5 17. h4 Qd8 18. Be2 Nxe2+ 19. Rxe2 Qxh4 20. Re3 f4 21. Rh3
Qg5 22. c3 Rae8 23. Bc1 Qf5 24. Ra2 h5 25. Kh1 Nd8 26. Rh4 Ne6 27. a4 Bf6 28.
Rh3 f3 29. Kg1 fxg2 30. Kxg2 Bg5 31. Be3 Bxe3 32. Rxe3 Nf4+ 33. Kh1 Nh3 34. f3
exf3 35. Rxe8 Rxe8 36. Nxf3 Re3 0-1